|
|
|
|
| LEADER |
00000cac a2200000 a 4500 |
| 001 |
44910 |
| 003 |
Ucuenca |
| 005 |
20240124062649.0 |
| 008 |
992020|1989 ec |||||r|||||||||||spa|| |
| 040 |
|
|
|b spa
|
| 041 |
0 |
|
|a spa
|
| 082 |
0 |
|
|a E861.4
|
| 100 |
1 |
|
|a Proaño Vinueza, Ernesto.
|d 1971-
|9 222118
|
| 110 |
2 |
|
|a Casa de la Cultura Ecuatoriana Benjamín Carrión. Núcleo de Pichincha.
|9 6031
|
| 245 |
|
|
|a Digitales
|c Ernesto Proaño Vinueza
|h imp
|
| 264 |
|
|
|a Quito
|b Abrapalabra
|c 1989
|
| 300 |
|
|
|a 97 páginas:
|c 21 cm
|
| 490 |
|
|
|a Taller
|n no. 8
|
| 650 |
1 |
7 |
|a Poesía ecuatoriana
|9 618
|
| 852 |
|
|
|a UC-CDJBV
|f Donación
|m General
|p 19920204
|q 320,00
|r 8
|t 44910
|b 0
|d CDRC
|e CDRC
|g E861.4 TERCER PISO
|z 1992-20-20
|
| 942 |
|
|
|c CR
|2 ddc
|z teodoro.astudillo@ucuenca.edu.ec
|
| 999 |
|
|
|c 111511
|d 111511
|